| 000 | 01014cam a22003015a 4500 | ||
|---|---|---|---|
| 001 | 18319034 | ||
| 005 | 20201128023730.0 | ||
| 008 | 140929s2014 enka frb 001 0 eng d | ||
| 020 | _a9780230362031 | ||
| 040 |
_aDLC _beng _cDLC _dDLC _dEG-ScBUE |
||
| 082 | 0 | 4 |
_a001.42 _222 _bSTO |
| 100 | 1 |
_aStokes, Peter, _d1959- _939906 |
|
| 245 | 1 | 0 |
_aResearch methods / _cPeter Stokes, Tony Wall. |
| 260 |
_aLondon ; _aNew York : _bPalgrave / Macmillan Education, _c2014. |
||
| 300 |
_axii, 284 p. : _bill. ; _c19 cm. |
||
| 490 | 0 | _aPalgrave business briefing. | |
| 500 | _aIndex : p. 278-284. | ||
| 504 | _aBibliography : p. 264 -277. | ||
| 650 | 7 |
_aManagement _xStudy and teaching (Higher) _2BUEsh _939907 |
|
| 650 | 7 |
_aManagement _xResearch _xMethodology _2BUEsh _939908 |
|
| 650 | 7 |
_aBusiness _xResearch _xMethodology. _2BUEsh _91465 |
|
| 650 | 7 |
_aDissertations, Academic. _2BUEsh _91124 |
|
| 650 | 7 |
_aReport writing. _2BUEsh _91126 |
|
| 651 | _2BUEsh | ||
| 653 |
_bBUSADM _cMay2016 |
||
| 700 | 1 | _aWall, Tony | |
| 942 | _2ddc | ||
| 999 |
_c21688 _d21660 |
||